00314cam a22000977a 4500008004000000082001900040100003900059245009600098260001300194300000900207180718b1966 xxu||||| |||| 00| 0 eng d aL2800x54 In2in aTariff Commission Review Committee aInterim Report on Tariff Commission Review Committeecby Tariff Commission Review Committee abc1966 a11p.